000 01472naa a22003017a 4500
001 BR8901646
003 BR-BrBNA
005 20240918180444.0
007 ta
008 230509b bl.||||| |||| 00| 0 por d
040 _aBR-BrBNA
_bpor
_cBiblioteca Nacional de Agricultura
041 _a(Pt)
072 _aF61
090 _aF61 BR8901646
100 1 _aRuschel, A.P.
100 1 _aFreitas, J.R.
100 1 _aSilva, P.M.
111 1 _aSeminario Regional sobre Tecnicas Nucleares na Producao de Plantas Agricolas
_cPiracicaba, SP (Brazil)
_d19-23 Nov 1984
245 1 _aAbsorcao de hidrogenio por Azolla-Anabaena: comportamento da hidrogenase Azolla-Anabaena
260 3 _aPiracicaba, SP (Brasil):
_c1984.
500 _aCerri, C.C.; Athie, D. (eds.) Proceedings of the Regional Workshop on Nuclear Techniques in Crop Production. - Anais do Seminario Regional sobre Tecnicas Nucleares na Producao de Plantas Agricola Piracicaba, SP (Brasil): 1984. p. 159-160 (BR8901646-AM)F61
650 _aMURURE RENDADO
650 _aHIDROGENIO
650 _aABSORCAO
773 0 _tProceedings of the Regional Workshop on Nuclear Techniques in Crop Production. - Anais do Seminario Regional sobre Tecnicas Nucleares na Producao de Plantas Agricola
_aCerri, C.C.; Athie, D. (eds.). Centro de Energia Nuclear na Agricultura, Piracicaba, SP (Brasil)
_wF61 BR8901646
_gPiracicaba, SP (Brasil), 1984. p. 159-160
909 _a202404
_bLucia
_c55
_dLucia Elande
942 _cAM
_2AGRIS
999 _c320455
_d320455